00771nam a22001697a 4500008004100000040005500041080002300096100003000119245016000149260006000309300001300369650001900382653002200401942001300423999001700436952014800453230406b |||||||| |||| 00| 0 eng d aNational Science LibrarycNational Science Library a338.964(547.6)bL31 aVanader Veen, Jan H96520 aStudy of small industries in Gujrat state, Indiac/ Employment and income distribution project ..........................................Cornell University aNew York: bDepartment of Agriculture Economics, c1973 avi, 74p. aSmall industry aIndian industries 2udccREF c19513d19513 00102udc4063389645476_L370928645aNSLbNSLcGF/Rk-5/C-8/R-3d1975-07-04l0o338.964(547.6) L3p75031r2023-04-06 00:00:00w1975-07-04yREF